| 000 | 00390 a2200145 4500 | ||
|---|---|---|---|
| 999 |
_c911 _d911 |
||
| 020 | _a0000000 | ||
| 050 | _aBF723.M35 RUT 1972 | ||
| 100 | _aMichael Rutter | ||
| 245 |
_aMaternal deprivation reassessed _cMichael Rutter |
||
| 264 |
_aMiddlesex _bPenguin _c1972 |
||
| 300 | _a175p. | ||
| 500 | _aincludes Index | ||
| 650 | _aMaternal deprivation | ||
| 942 |
_2olc _cBK _h723.M35 _iRUT _kBF |
||